| 000 | 01073nas a2200337 4500 | ||
|---|---|---|---|
| 001 | BR2015003331 | ||
| 003 | BR-BrBNA | ||
| 005 | 20231205125414.0 | ||
| 007 | ta | ||
| 008 | 230509b bl.|||p| |||| 00| 00por d | ||
| 040 |
_aBR-BrBNA _bpor _cBiblioteca Nacional de Agricultura |
||
| 041 | _a(Pt) | ||
| 072 | _aL74; L70 | ||
| 100 | 1 | _aPalhão, M.P. | |
| 100 | 1 | _aPaganini Filho, W. | |
| 100 | 1 | _aViana, J.H.M. | |
| 100 | 1 | _aGuimarães, C.R.B. | |
| 100 | 1 | _aFigueiredo, A.C.S | |
| 100 | 1 | _aLudgero, B.F.A. | |
| 100 | 1 | _aFernandes, C.A. de C. | |
| 245 | 1 | _aAcurácia da ultrassonografia e da avaliação comportamental na determinação das características funcionais de estruturas ovarianas císticas | |
| 650 | _aBOVINO | ||
| 650 | _aGADO LEITEIRO | ||
| 650 | _aVETERINÁRIA | ||
| 650 | _aDISTÚRBIO FISIOLÓGICO | ||
| 650 | _aOVÁRIO | ||
| 650 | _aCISTO | ||
| 773 | 0 |
_tPesquisa Agropecuária Brasileira (Brazil) _xISSN 0100-204X _g(Oct 2014), v. 49(10) p. 823-827 _wBR2015003331 |
|
| 909 |
_a202311 _bLúcia _c55 _dLúcia Elande |
||
| 942 |
_2AGRIS _n0 _cANA |
||
| 999 |
_c244208 _d244208 |
||